[Event "La Palma Island op"]
[Site "Santa Cruz de La Palma"]
[Date "2019.08.12"]
[Round "5"]
[White "Martin Hernandez, Ruben"]
[Black "Lemos, Damian"]
[Result "1/2-1/2"]
[WhiteElo "2184"]
[BlackElo "2487"]
[PlyCount "78"]
[EventDate "2019.08.09"]
[EventType "swiss"]
[EventRounds "10"]
[EventCountry "ESP"]
[SourceTitle "CBM 191 Extra"]
[Source "ChessBase"]
[SourceDate "2019.09.30"]
[SourceVersion "1"]
[SourceVersionDate "2019.09.30"]
[SourceQuality "1"]

1. e4 e5 2. Nf3 Nc6 3. Bb5 a6 4. Ba4 d6 5. 0-0 Bd7 6. c3 Nge7 7. d4 Ng6 8. Be3 Be7 9. Nbd2 h6 10. Re1 Bg5 11. Nf1 Bxe3 12. fxe3 0-0 13. Ng3 b5 14. Bc2 Nh4 15. Rf1 g6 16. Rf2 Kg7 17. Qd3 Nxf3+ 18. Rxf3 Qg5 19. Raf1 Bg4 20. R3f2 Na5 21. b4 Nc4 22. Bb3 Be6 23. d5 Bd7 24. Bxc4 bxc4 25. Qxc4 Bb5 26. Qxc7 Qxe3 27. c4 Rac8 28. Qxd6 Bxc4 29. Qxe5+ f6 30. Qe7+ Rf7 31. Qe6 Bxf1 32. Qxc8 Bb5 33. Qe6 Rc7 34. Nh5+ gxh5 35. Qxf6+ Kh7 36. Qf5+ Kg8 37. Qf8+ Kh7 38. Qf5+ Kg8 39. Qf8+ Kh7 1/2-1/2

[Event "La Palma Island op"]
[Site "Santa Cruz de La Palma"]
[Date "2019.08.09"]
[Round "1"]
[White "Lemos, Damian"]
[Black "Vicens Company, Maria Antonia"]
[Result "1-0"]
[WhiteElo "2487"]
[BlackElo "1858"]
[PlyCount "63"]
[EventDate "2019.08.09"]
[EventType "swiss"]
[EventRounds "10"]
[EventCountry "ESP"]
[SourceTitle "CBM 191 Extra"]
[Source "ChessBase"]
[SourceDate "2019.09.30"]
[SourceVersion "1"]
[SourceVersionDate "2019.09.30"]
[SourceQuality "1"]

1. c4 Nf6 2. Nc3 c5 3. Nf3 g6 4. e4 d6 5. d4 cxd4 6. Nxd4 Bg7 7. Be2 0-0 8. 0-0 Nc6 9. Be3 Be6 10. Nxe6 fxe6 11. Qb3 Na5 12. Qa4 b6 13. b4 Nb7 14. Qa6 Qc8 15. Rac1 Nd8 16. Qa4 Qb7 17. c5 d5 18. Rfd1 dxe4 19. h3 Nd5 20. Nxd5 exd5 21. c6 Qc7 22. Rxd5 Nf7 23. Qb3 Kh8 24. Rd7 Qe5 25. Bd4 Qg5 26. Bxg7+ Kxg7 27. Qc3+ Kh6 28. Qe3 Qxe3 29. fxe3 Nd6 30. Ba6 Rfe8 31. c7 Kg7 32. Rc6 1-0

[Event "Southend Easter op 63rd"]
[Site "Southend"]
[Date "2019.04.20"]
[Round "5"]
[White "Lemos, Damian"]
[Black "Eggleston, David"]
[Result "1-0"]
[WhiteElo "2482"]
[BlackElo "2401"]
[PlyCount "99"]
[EventDate "2019.04.18"]
[EventType "swiss"]
[EventRounds "9"]
[EventCountry "ENG"]
[SourceTitle "CBM 189 Extra"]
[Source "ChessBase"]
[SourceDate "2019.06.03"]
[SourceVersion "1"]
[SourceVersionDate "2019.06.03"]
[SourceQuality "1"]

1. e4 c5 2. Nf3 d6 3. c3 Nf6 4. Bd3 Nc6 5. Bc2 Bg4 6. d3 e6 7. Nbd2 d5 8. h3 Bh5 9. Qe2 Be7 10. g4 Bg6 11. Nh4 dxe4 12. dxe4 Bxe4 13. Nxe4 Nxe4 14. Qxe4 Bxh4 15. Be3 Be7 16. Rd1 Qc7 17. Bf4 e5 18. Be3 Rd8 19. 0-0 Rxd1 20. Rxd1 g6 21. Bh6 Bf8 22. Qe3 Qe7 23. Bg5 f6 24. Bh4 Bg7 25. Bb3 a6 26. Qe4 Nd8 27. Qd5 b5 28. c4 g5 29. Bg3 Bf8 30. cxb5 axb5 31. a4 Qc7 32. a5 Be7 33. a6 Qa7 34. Ra1 h5 35. gxh5 Kf8 36. Bd1 Kg7 37. Be2 Nf7 38. Bxb5 Nd6 39. Bd3 Rb8 40. Bxe5 fxe5 41. Qxe5+ Bf6 42. h6+ Kf7 43. Qxd6 Rb6 44. Qd5+ Kf8 45. h7 Rxb2 46. Qg8+ Ke7 47. Re1+ Kd6 48. Qe6+ Kc7 49. Qf7+ Kb6 50. Qxf6+ 1-0

[Event "Jersey op"]
[Site "St Clement Bay"]
[Date "2019.04.11"]
[Round "7"]
[White "Hill, Alistair"]
[Black "Lemos, Damian"]
[Result "0-1"]
[WhiteElo "2199"]
[BlackElo "2482"]
[PlyCount "90"]
[EventDate "2019.04.06"]
[EventType "swiss"]
[EventRounds "9"]
[EventCountry "GCI"]
[SourceTitle "CBM 189 Extra"]
[Source "ChessBase"]
[SourceDate "2019.06.03"]
[SourceVersion "1"]
[SourceVersionDate "2019.06.03"]
[SourceQuality "1"]

1. d4 d5 2. c4 c6 3. cxd5 cxd5 4. Nc3 Nf6 5. Bf4 Nc6 6. e3 Bg4 7. Qb3 Na5 8. Qa4+ Bd7 9. Qc2 Rc8 10. Bd3 e6 11. Nf3 Nc6 12. Qb3 Na5 13. Qc2 Be7 14. 0-0 Nc6 15. Qb3 Nh5 16. Be5 f6 17. Bg3 f5 18. Be5 Na5 19. Qd1 Nf6 20. Rc1 0-0 21. Nb5 Bxb5 22. Rxc8 Qxc8 23. Bxb5 a6 24. Qa4 axb5 25. Qxa5 Qc6 26. Bf4 Nd7 27. h3 Rc8 28. Ne5 Nxe5 29. Bxe5 Qa6 30. Qd2 Qxa2 31. g4 fxg4 32. Qe2 g6 33. Qxb5 Qc4 34. Qxb7 Re8 35. Qd7 Kf7 36. hxg4 Qe2 37. Rc1 Qxg4+ 38. Kf1 h5 39. Bd6 h4 40. Rc7 Qd1+ 41. Kg2 h3+ 42. Kg3 Qg1+ 43. Kf4 Qxf2+ 44. Kg4 Qg2+ 45. Kf4 g5+ 0-1

[Event "Jersey op"]
[Site "St Clement Bay"]
[Date "2019.04.10"]
[Round "6"]
[White "Lemos, Damian"]
[Black "Rudd, Jack"]
[Result "1-0"]
[WhiteElo "2482"]
[BlackElo "2253"]
[PlyCount "157"]
[EventDate "2019.04.06"]
[EventType "swiss"]
[EventRounds "9"]
[EventCountry "GCI"]
[SourceTitle "CBM 189 Extra"]
[Source "ChessBase"]
[SourceDate "2019.06.03"]
[SourceVersion "1"]
[SourceVersionDate "2019.06.03"]
[SourceQuality "1"]

1. d4 d6 2. Nf3 Bg4 3. c4 g6 4. Nc3 Bg7 5. g3 Nc6 6. Bg2 Qc8 7. d5 Ne5 8. Nxe5 Bxe5 9. h3 Bd7 10. Qd3 c5 11. Bd2 h5 12. f4 Bg7 13. e4 Nh6 14. Nd1 a6 15. Bc3 f6 16. Ne3 b5 17. e5 Bf5 18. Nxf5 Nxf5 19. e6 bxc4 20. Qc2 Kd8 21. Be4 Nd4 22. Ba5+ Ke8 23. Bxg6+ Kf8 24. Qe4 Qb7 25. Bc3 Nb5 26. Bxh5 Rh6 27. Be2 Nxc3 28. bxc3 Qb2 29. Kf2 f5 30. Qxf5+ Kg8 31. Rab1 Qxc3 32. Rhc1 Bd4+ 33. Kg2 Qe3 34. Qg4+ Kh8 35. Qf3 Qd2 36. Qe4 Qxa2 37. Rxc4 Rg8 38. Rxd4 cxd4 39. Qxd4+ Rf6 40. Rb2 Qa1 41. g4 Qc1 42. Rd2 Rg7 43. g5 Rf8 44. Bxa6 Kg8 45. Be2 Qe1 46. Bh5 Rc8 47. Bf7+ Kf8 48. Rb2 Qc1 49. h4 Rc2+ 50. Rxc2 Qxc2+ 51. Kf3 Qb3+ 52. Ke2 Qa2+ 53. Qd2 Qc4+ 54. Kf2 Rh7 55. h5 Qc5+ 56. Kg2 Qc4 57. Kg3 Qf1 58. Qc3 Qg1+ 59. Kf3 Qh1+ 60. Ke3 Qg1+ 61. Ke4 Qg2+ 62. Qf3 Qc2+ 63. Qd3 Qg2+ 64. Kd4 Qf2+ 65. Qe3 Qb2+ 66. Qc3 Qf2+ 67. Qe3 Qb2+ 68. Kc4 Qa2+ 69. Qb3 Qe2+ 70. Qd3 Qa2+ 71. Kb5 Qb2+ 72. Kc6 Qc1+ 73. Kd7 Qa1 74. Qb3 Qa7+ 75. Kc6 Qa6+ 76. Qb6 Qc4+ 77. Kd7 Qa4+ 78. Kc7 Qc4+ 79. Qc6 1-0

[Event "Jersey op"]
[Site "St Clement Bay"]
[Date "2019.04.08"]
[Round "4"]
[White "Lemos, Damian"]
[Black "Hillarp Persson, Tiger"]
[Result "1/2-1/2"]
[WhiteElo "2482"]
[BlackElo "2563"]
[PlyCount "43"]
[EventDate "2019.04.06"]
[EventType "swiss"]
[EventRounds "9"]
[EventCountry "GCI"]
[SourceTitle "CBM 189 Extra"]
[Source "ChessBase"]
[SourceDate "2019.06.03"]
[SourceVersion "1"]
[SourceVersionDate "2019.06.03"]
[SourceQuality "1"]

1. d4 Nf6 2. Nf3 g6 3. Bg5 Bg7 4. Nbd2 d6 5. c3 Nbd7 6. e3 h6 7. Bh4 0-0 8. Bd3 e5 9. 0-0 Qe8 10. e4 Nh5 11. Re1 Nf4 12. Bf1 Nb6 13. Bg3 Nh5 14. dxe5 dxe5 15. a4 Nxg3 16. hxg3 a5 17. Nc4 Nxc4 18. Bxc4 Qe7 19. Qb3 c6 20. Rad1 Qc7 21. Qa3 Re8 22. Qb3 1/2-1/2

[Event "La Palma 1st"]
[Site "Brena Baja"]
[Date "2019.04.01"]
[Round "7"]
[White "Lemos, Damian"]
[Black "Munoz Pantoja, Miguel Angel"]
[Result "1/2-1/2"]
[WhiteElo "2482"]
[BlackElo "2482"]
[PlyCount "71"]
[EventDate "2019.03.29"]
[EventType "tourn"]
[EventRounds "9"]
[EventCountry "ESP"]
[EventCategory "6"]
[SourceTitle "CBM 189 Extra"]
[Source "ChessBase"]
[SourceDate "2019.06.03"]
[SourceVersion "1"]
[SourceVersionDate "2019.06.03"]
[SourceQuality "1"]

1. Nf3 Nf6 2. b3 g6 3. Bb2 Bg7 4. g3 c5 5. c4 0-0 6. Bg2 Nc6 7. 0-0 d6 8. Nc3 Bf5 9. Nd5 Ne8 10. Bxg7 Nxg7 11. d4 Be4 12. dxc5 dxc5 13. Nc3 Bxf3 14. Bxf3 Qc7 15. Bxc6 Qxc6 16. Qd5 Qc7 17. Rad1 Rfd8 18. Qe4 e6 19. Nb5 Qb6 20. Qe5 Ne8 21. Nc3 Qc7 22. Qg5 f6 23. Qe3 Kf7 24. Qf3 Kg7 25. Qe3 Kf7 26. Nb5 Qb6 27. Qf3 Kg7 28. Qe4 Kf7 29. e3 a6 30. Nc3 Qc7 31. Qf3 Rac8 32. h4 Kg7 33. Qe4 Kf7 34. h5 f5 35. Qf3 Nf6 36. hxg6+ 1/2-1/2

[Event "La Palma 1st"]
[Site "Brena Baja"]
[Date "2019.03.30"]
[Round "4"]
[White "Napoli, Nicolo"]
[Black "Lemos, Damian"]
[Result "0-1"]
[WhiteElo "2321"]
[BlackElo "2482"]
[PlyCount "60"]
[EventDate "2019.03.29"]
[EventType "tourn"]
[EventRounds "9"]
[EventCountry "ESP"]
[EventCategory "6"]
[SourceTitle "CBM 189 Extra"]
[Source "ChessBase"]
[SourceDate "2019.06.03"]
[SourceVersion "1"]
[SourceVersionDate "2019.06.03"]
[SourceQuality "1"]

1. d4 d5 2. c4 c6 3. Nc3 Nf6 4. Nf3 e6 5. e3 Nbd7 6. Qc2 b6 7. Bd2 Bb7 8. Rc1 Bd6 9. e4 dxe4 10. Nxe4 Nxe4 11. Qxe4 Nf6 12. Qh4 c5 13. Be2 Ne4 14. Qg4 0-0 15. Bh6 Qf6 16. Be3 cxd4 17. Bxd4 Bb4+ 18. Kf1 Qh6 19. Be3 f5 20. Qf4 g5 21. Nxg5 Bd6 22. Qf3 Ng3+ 23. fxg3 Bxf3 24. Bxf3 f4 25. gxf4 Bxf4 26. Bxf4 Rxf4 27. h4 Rxh4 28. Rxh4 Qxh4 29. Rc3 Rf8 30. Nxe6 Rxf3+ 0-1

[Event "La Palma 1st"]
[Site "Brena Baja"]
[Date "2019.03.29"]
[Round "1"]
[White "Lemos, Damian"]
[Black "De Verdier, Michael Carl Adam"]
[Result "1-0"]
[WhiteElo "2482"]
[BlackElo "2306"]
[PlyCount "97"]
[EventDate "2019.03.29"]
[EventType "tourn"]
[EventRounds "9"]
[EventCountry "ESP"]
[EventCategory "6"]
[SourceTitle "CBM 189 Extra"]
[Source "ChessBase"]
[SourceDate "2019.06.03"]
[SourceVersion "1"]
[SourceVersionDate "2019.06.03"]
[SourceQuality "1"]

1. c4 c5 2. Nf3 Nf6 3. b3 g6 4. Bb2 Bg7 5. g3 b6 6. Bg2 Bb7 7. 0-0 0-0 8. Nc3 d6 9. e3 Na6 10. d4 e6 11. Qe2 Ne4 12. Rfd1 Qe7 13. Rac1 Rfd8 14. Ne1 Nxc3 15. Bxc3 Bxg2 16. Nxg2 Qb7 17. d5 e5 18. e4 Re8 19. f4 b5 20. f5 bxc4 21. bxc4 Nb8 22. g4 Qe7 23. h4 Nd7 24. Rf1 gxf5 25. Rxf5 Rab8 26. Rcf1 Rf8 27. Ne3 Qxh4 28. Kg2 Qd8 29. Rh1 f6 30. g5 fxg5 31. Qh5 Nf6 32. Rxf6 Rxf6 33. Qxh7+ Kf7 34. Nf5 Rxf5 35. Qxf5+ Qf6 36. Qg4 Qg6 37. Rf1+ Kg8 38. Rf5 Rf8 39. Rxg5 Qf6 40. Rf5 Qh6 41. Rxf8+ Kxf8 42. Be1 Qf6 43. Bh4 Qf7 44. Qe6 Qc7 45. Kh3 Bh8 46. Kg4 Qg7+ 47. Bg5 Qc7 48. Bh6+ Bg7 49. Qf6+ 1-0

[Event "Gibraltar Masters 17th"]
[Site "Caleta"]
[Date "2019.01.22"]
[Round "1"]
[White "Baert, Andy"]
[Black "Lemos, Damian"]
[Result "1/2-1/2"]
[WhiteElo "2147"]
[BlackElo "2474"]
[PlyCount "81"]
[EventDate "2019.01.22"]
[EventType "swiss"]
[EventRounds "10"]
[EventCountry "GGB"]
[SourceTitle "CBM 188 Extra"]
[Source "ChessBase"]
[SourceDate "2019.02.26"]
[SourceVersion "1"]
[SourceVersionDate "2019.02.26"]
[SourceQuality "1"]

1. c4 c6 2. d4 d5 3. e3 Nf6 4. Nf3 g6 5. Nc3 Bg7 6. Be2 0-0 7. 0-0 b6 8. Ne5 Bb7 9. cxd5 Nxd5 10. Nxd5 cxd5 11. Qa4 f6 12. Nf3 Qd7 13. Qxd7 Nxd7 14. Bd2 Rfc8 15. Rfc1 Kf7 16. a4 Rxc1+ 17. Rxc1 Rc8 18. b3 e6 19. Rxc8 Bxc8 20. Bb4 Bf8 21. Bxf8 Kxf8 22. Kf1 Ke7 23. Ke1 Nb8 24. Kd2 Nc6 25. Kc3 Nd8 26. Nd2 e5 27. Nb1 Ne6 28. Bg4 f5 29. Bf3 exd4+ 30. exd4 Kd6 31. h4 Nf4 32. Na3 Ba6 33. Nc2 Bb7 34. Kd2 Ne6 35. Ke3 a5 36. g3 Ba6 37. Na3 h6 38. Bd1 g5 39. f4 gxh4 40. gxh4 Ng7 41. Nc2 1/2-1/2

[Event "Reykjavik op"]
[Site "Reykjavik"]
[Date "2017.04.20"]
[Round "3"]
[White "Viglundsson, Bjorgvin"]
[Black "Lemos, Damian"]
[Result "0-1"]
[WhiteElo "2143"]
[BlackElo "2471"]
[PlyCount "57"]
[EventDate "2017.04.19"]
[EventType "swiss"]
[EventRounds "10"]
[EventCountry "ISL"]
[SourceTitle "CBM 178 Extra"]
[Source "ChessBase"]
[SourceDate "2017.06.22"]
[SourceVersion "1"]
[SourceVersionDate "2017.06.22"]
[SourceQuality "1"]

1. d4 Nf6 2. c4 g6 3. Nc3 d5 4. Bf4 Bg7 5. e3 0-0 6. Rc1 Be6 7. Qb3 b6 8. Nf3 c5 9. Rd1 dxc4 10. Bxc4 Bxc4 11. Qxc4 cxd4 12. Nxd4 Qc8 13. Qxc8 Rxc8 14. Ke2 Nc6 15. Nxc6 Rxc6 16. Be5 Rac8 17. Rd3 Rc5 18. f4 Ne8 19. Bxg7 Kxg7 20. Rd7 R8c7 21. Rhd1 Nd6 22. Rxc7 Rxc7 23. e4 f6 24. Rd4 Kf7 25. Kd3 h5 26. g3 Ke6 27. a4 Rc8 28. b4 a6 29. Rd5 0-1

[Event "Budapest Spring op"]
[Site "Budapest"]
[Date "2017.03.22"]
[Round "5"]
[White "Berkes, Ferenc"]
[Black "Lemos, Damian"]
[Result "1-0"]
[WhiteElo "2648"]
[BlackElo "2471"]
[PlyCount "117"]
[EventDate "2017.03.18"]
[EventType "swiss"]
[EventRounds "9"]
[EventCountry "HUN"]
[SourceTitle "CBM 177 Extra"]
[Source "ChessBase"]
[SourceDate "2017.04.27"]
[SourceVersion "1"]
[SourceVersionDate "2017.04.27"]
[SourceQuality "1"]

1. d4 Nf6 2. Nf3 g6 3. Bf4 Bg7 4. c3 0-0 5. h3 d6 6. Nbd2 c5 7. dxc5 dxc5 8. e4 Nc6 9. Be2 Nh5 10. Bh2 e5 11. Nc4 Nf4 12. Bxf4 exf4 13. Qd6 Qxd6 14. Nxd6 Rd8 15. 0-0-0 Bf8 16. Nxc8 Raxc8 17. Bc4 Bd6 18. Bd5 Ne5 19. Nxe5 Bxe5 20. Bxb7 Rb8 21. Rxd8+ Rxd8 22. Rd1 Rxd1+ 23. Kxd1 f3 24. g3 h5 25. Kd2 h4 26. gxh4 Bf6 27. Ke3 Bxh4 28. Kxf3 Bg5 29. b4 cxb4 30. cxb4 Be7 31. a3 Kg7 32. Ke3 Bd8 33. Kd3 Bb6 34. f3 Kf6 35. Bd5 Ke7 36. e5 Bf2 37. a4 Bg3 38. Ke4 Be1 39. b5 Bc3 40. Bc4 Bd2 41. Kd5 Bc3 42. Bd3 g5 43. Bf5 Kd8 44. Kd6 Ke8 45. Bg4 Kf8 46. Bh5 Kg7 47. Kc6 Bxe5 48. a5 Bd4 49. b6 axb6 50. axb6 f5 51. b7 Be5 52. Kd7 Kf6 53. Kc8 Bd6 54. b8Q Bxb8 55. Kxb8 Ke5 56. Kc7 Kf4 57. Kd6 Kg3 58. Ke5 Kh4 59. Bg4 1-0

[Event "Budapest Spring op"]
[Site "Budapest"]
[Date "2017.03.18"]
[Round "1"]
[White "Jusup, Matej"]
[Black "Lemos, Damian"]
[Result "1-0"]
[WhiteElo "2226"]
[BlackElo "2471"]
[PlyCount "80"]
[EventDate "2017.03.18"]
[EventType "swiss"]
[EventRounds "9"]
[EventCountry "HUN"]
[SourceTitle "CBM 177 Extra"]
[Source "ChessBase"]
[SourceDate "2017.04.27"]
[SourceVersion "1"]
[SourceVersionDate "2017.04.27"]
[SourceQuality "1"]

1. d4 Nf6 2. Nf3 g6 3. Bg5 Bg7 4. Nbd2 0-0 5. e4 d6 6. c3 c5 7. dxc5 dxc5 8. Qc2 Nc6 9. Be2 Qc7 10. Bh4 Nh5 11. Bg3 Nf4 12. Bxf4 Qxf4 13. 0-0 b6 14. Rfe1 Bb7 15. g3 Qc7 16. Rad1 Na5 17. Nc4 Nxc4 18. Bxc4 e6 19. Qa4 Rad8 20. Ba6 Ba8 21. Nd2 Rd6 22. Nc4 Rxd1 23. Rxd1 Rd8 24. Rxd8+ Qxd8 25. Ne3 h5 26. Bf1 Bh6 27. Bg2 Bxe3 28. fxe3 Kg7 29. Qc2 h4 30. Qe2 Qg5 31. Kf2 Bc6 32. Qd3 Qe5 33. Qc2 h3 34. Bxh3 Bxe4 35. Qe2 Bd5 36. c4 Be4 37. Bg2 Bb1 38. a3 g5 39. Ke1 Bf5 40. Qd2 f6 1-0

[Event "Graz op-A"]
[Site "Graz"]
[Date "2017.02.25"]
[Round "8"]
[White "Janik, Igor"]
[Black "Lemos, Damian"]
[Result "1/2-1/2"]
[WhiteElo "2325"]
[BlackElo "2480"]
[PlyCount "65"]
[EventDate "2017.02.20"]
[EventType "swiss"]
[EventRounds "9"]
[EventCountry "AUT"]
[SourceTitle "CBM 177 Extra"]
[Source "ChessBase"]
[SourceDate "2017.04.27"]
[SourceVersion "1"]
[SourceVersionDate "2017.04.27"]
[SourceQuality "1"]

1. e4 e5 2. Nf3 Nc6 3. Bc4 Bc5 4. c3 Nf6 5. d3 d6 6. 0-0 a6 7. Bb3 h6 8. Nbd2 0-0 9. Nc4 Ba7 10. Ne3 Be6 11. Bc2 d5 12. exd5 Nxd5 13. Re1 Bxe3 14. fxe3 f5 15. Bb3 Bf7 16. e4 fxe4 17. Rxe4 Qd6 18. Be3 Rad8 19. Bf2 Nf6 20. Re2 Nh5 21. Rd2 Nf4 22. Bg3 Nxd3 23. Kh1 Bxb3 24. Qxb3+ Qd5 25. c4 Qe4 26. c5+ Kh7 27. Qxb7 Rxf3 28. gxf3 Qxf3+ 29. Rg2 Nxc5 30. Qxc7 Rd2 31. Rag1 Ne6 32. Qb7 Rxg2 33. Rxg2 1/2-1/2

[Event "Graz op-A"]
[Site "Graz"]
[Date "2017.02.23"]
[Round "5"]
[White "Lemos, Damian"]
[Black "Tica, Sven"]
[Result "1/2-1/2"]
[WhiteElo "2480"]
[BlackElo "2384"]
[PlyCount "61"]
[EventDate "2017.02.20"]
[EventType "swiss"]
[EventRounds "9"]
[EventCountry "AUT"]
[SourceTitle "CBM 177 Extra"]
[Source "ChessBase"]
[SourceDate "2017.04.27"]
[SourceVersion "1"]
[SourceVersionDate "2017.04.27"]
[SourceQuality "1"]

1. d4 d5 2. Nf3 e6 3. c4 Nf6 4. Nc3 Be7 5. Bf4 0-0 6. a3 Nbd7 7. Nb5 Ne8 8. e3 dxc4 9. Bxc4 Nd6 10. Nxd6 Bxd6 11. Bg3 Qe7 12. Bh4 Qe8 13. Qc2 h6 14. 0-0 e5 15. Bd3 exd4 16. exd4 Nb6 17. Rfe1 Qa4 18. b3 Qa5 19. b4 Qd5 20. Be4 Qc4 21. Qd2 c6 22. Ne5 Bxe5 23. dxe5 Bf5 24. Bxf5 Qxh4 25. g3 Rad8 26. Qe2 Qg5 27. Bc2 Rd2 28. Qe4 Qg6 29. Qxg6 fxg6 30. Bb3+ Nd5 31. f4 1/2-1/2

[Event "Gibraltar Masters 15th"]
[Site "Caleta"]
[Date "2017.02.02"]
[Round "10"]
[White "Sundararajan, Kidambi"]
[Black "Lemos, Damian"]
[Result "1/2-1/2"]
[WhiteElo "2420"]
[BlackElo "2516"]
[PlyCount "67"]
[EventDate "2017.01.24"]
[EventType "swiss"]
[EventRounds "10"]
[EventCountry "GGB"]
[SourceTitle "CBM 177"]
[Source "ChessBase"]
[SourceDate "2017.03.16"]
[SourceVersion "1"]
[SourceVersionDate "2017.03.16"]
[SourceQuality "1"]

1. Nf3 c5 2. c4 Nc6 3. Nc3 g6 4. e3 Nf6 5. d4 cxd4 6. exd4 d5 7. cxd5 Nxd5 8. Qb3 Nxc3 9. Bc4 Nd5 10. Bxd5 e6 11. Bxc6+ bxc6 12. 0-0 Qd5 13. Bf4 Be7 14. Rfc1 f6 15. Qe3 Kf7 16. Rc3 Rd8 17. h4 Bb7 18. Rac1 Rac8 19. b3 Qf5 20. Nh2 Bb4 21. Rc4 c5 22. Nf3 Ba6 23. a3 Bxc4 24. axb4 Bd5 25. bxc5 Qe4 26. Ra1 Ra8 27. b4 a6 28. Bg3 Bb7 29. Re1 Qf5 30. Nd2 Bd5 31. f3 g5 32. Ne4 g4 33. fxg4 Qxg4 34. Nd6+ 1/2-1/2

[Event "Gibraltar Masters 15th"]
[Site "Caleta"]
[Date "2017.01.29"]
[Round "6"]
[White "Henderson de la Fuente, Lance"]
[Black "Lemos, Damian"]
[Result "1/2-1/2"]
[WhiteElo "2380"]
[BlackElo "2516"]
[PlyCount "59"]
[EventDate "2017.01.24"]
[EventType "swiss"]
[EventRounds "10"]
[EventCountry "GGB"]
[SourceTitle "CBM 177"]
[Source "ChessBase"]
[SourceDate "2017.03.16"]
[SourceVersion "1"]
[SourceVersionDate "2017.03.16"]
[SourceQuality "1"]

1. e4 e5 2. Nf3 Nc6 3. Nc3 Nf6 4. d4 exd4 5. Nxd4 Bb4 6. Nxc6 bxc6 7. Bd3 d5 8. exd5 cxd5 9. 0-0 0-0 10. h3 c6 11. Qf3 Re8 12. Bf4 Bd6 13. Rfe1 Bxf4 14. Qxf4 Be6 15. b4 Qb8 16. Qh4 h6 17. Na4 a5 18. a3 axb4 19. axb4 Nd7 20. Qd4 Ra7 21. Nc5 Rxa1 22. Rxa1 Nxc5 23. Qxc5 Qe5 24. c3 Bd7 25. Ra7 Qe1+ 26. Kh2 Qe5+ 27. Kg1 Qe1+ 28. Kh2 Qe5+ 29. Kg1 Qe1+ 30. Kh2 1/2-1/2

[Event "Roquetas de Mar op 28th"]
[Site "Roquetas de Mar"]
[Date "2017.01.08"]
[Round "9"]
[White "Lemos, Damian"]
[Black "Anurag, Mhamal"]
[Result "0-1"]
[WhiteElo "2516"]
[BlackElo "2423"]
[PlyCount "118"]
[EventDate "2017.01.03"]
[EventType "swiss"]
[EventRounds "9"]
[EventCountry "ESP"]
[SourceTitle "CBM 176 Extra"]
[Source "ChessBase"]
[SourceDate "2017.03.02"]
[SourceVersion "1"]
[SourceVersionDate "2017.03.02"]
[SourceQuality "1"]

1. d4 Nf6 2. Nf3 b6 3. Bf4 Bb7 4. e3 g6 5. h3 Bg7 6. Be2 0-0 7. 0-0 d6 8. a4 a6 9. c4 c5 10. Nc3 Ne4 11. Qb3 Nxc3 12. bxc3 Nd7 13. a5 e5 14. Bg5 f6 15. Bh4 g5 16. Bg3 f5 17. dxe5 dxe5 18. Rad1 f4 19. exf4 exf4 20. Bh2 Qe7 21. Rfe1 Rad8 22. Bd3 Qf6 23. Be4 Bxe4 24. Rxe4 bxa5 25. Rd5 a4 26. Qb1 h6 27. h4 Qb6 28. Qe1 g4 29. Re6 Qb8 30. Re7 Nf6 31. Qe6+ Kh8 32. Bxf4 Qxf4 33. Ne5 Qc1+ 34. Kh2 Nxd5 35. Ng6+ Kh7 36. cxd5 g3+ 37. Kh3 gxf2 38. Nxf8+ Rxf8 39. Rxg7+ Kxg7 40. Qe7+ Kg8 41. Qe6+ Kh7 42. Qe4+ Kg7 43. Qe7+ Rf7 44. Qe5+ Rf6 45. Qe7+ Kg6 46. Qe4+ Kf7 47. Qh7+ Kf8 48. Qh8+ Kf7 49. Qh7+ Kf8 50. Qh8+ Ke7 51. Qg7+ Kd6 52. Qxf6+ Kxd5 53. Qf7+ Kc6 54. Qf3+ Kb6 55. Qf6+ Kb5 56. c4+ Kb4 57. Qb6+ Kxc4 58. Qe6+ Kb4 59. Qe4+ Qc4 0-1

[Event "Roquetas de Mar op 28th"]
[Site "Roquetas de Mar"]
[Date "2017.01.07"]
[Round "7"]
[White "Lemos, Damian"]
[Black "Svetushkin, Dmitry"]
[Result "1/2-1/2"]
[WhiteElo "2516"]
[BlackElo "2577"]
[PlyCount "85"]
[EventDate "2017.01.03"]
[EventType "swiss"]
[EventRounds "9"]
[EventCountry "ESP"]
[SourceTitle "CBM 176 Extra"]
[Source "ChessBase"]
[SourceDate "2017.03.02"]
[SourceVersion "1"]
[SourceVersionDate "2017.03.02"]
[SourceQuality "1"]

1. d4 d5 2. Nf3 Nf6 3. c4 c6 4. e3 Bf5 5. Nc3 e6 6. Nh4 Bg6 7. Be2 Nbd7 8. 0-0 Bd6 9. g3 Qe7 10. Qb3 Rb8 11. Rd1 a6 12. Nxg6 hxg6 13. Qc2 dxc4 14. Bxc4 Ng4 15. h4 g5 16. Be2 gxh4 17. Bxg4 hxg3 18. fxg3 Bxg3 19. Qg2 Qh4 20. Qh3 f5 21. Qxh4 Rxh4 22. Bf3 g5 23. Bd2 g4 24. Bg2 Nf6 25. Ne2 Bh2+ 26. Kf1 Rh7 27. Kf2 Kf7 28. Rh1 Rbh8 29. Ng3 Kg6 30. Nf1 Bd6 31. Rxh7 Rxh7 32. Ng3 e5 33. dxe5 Bxe5 34. Bc3 Bxc3 35. bxc3 Rd7 36. Ke2 Nh5 37. Nxh5 Kxh5 38. Rh1+ Kg5 39. Rh8 Re7 40. Rf8 Re5 41. Kf2 Ra5 42. Kg3 Rxa2 43. Bf1 1/2-1/2

[Event "Roquetas de Mar op 28th"]
[Site "Roquetas de Mar"]
[Date "2017.01.07"]
[Round "8"]
[White "Prieto Martin, Alfonso"]
[Black "Lemos, Damian"]
[Result "1/2-1/2"]
[WhiteElo "2183"]
[BlackElo "2516"]
[PlyCount "37"]
[EventDate "2017.01.03"]
[EventType "swiss"]
[EventRounds "9"]
[EventCountry "ESP"]
[SourceTitle "CBM 176 Extra"]
[Source "ChessBase"]
[SourceDate "2017.03.02"]
[SourceVersion "1"]
[SourceVersionDate "2017.03.02"]
[SourceQuality "1"]

1. e4 e5 2. Nf3 Nc6 3. d4 exd4 4. Nxd4 Nf6 5. Nxc6 bxc6 6. e5 Qe7 7. Qe2 Nd5 8. c4 Nb6 9. b3 Qe6 10. g3 Rb8 11. Bg2 g6 12. 0-0 Bg7 13. Bb2 0-0 14. Nd2 d6 15. f4 Qe7 16. Rae1 d5 17. cxd5 cxd5 18. h3 c5 19. g4 1/2-1/2

[Event "Roquetas de Mar op 28th"]
[Site "Roquetas de Mar"]
[Date "2017.01.04"]
[Round "2"]
[White "Merario Alarcon, Andres"]
[Black "Lemos, Damian"]
[Result "0-1"]
[WhiteElo "2264"]
[BlackElo "2516"]
[PlyCount "41"]
[EventDate "2017.01.03"]
[EventType "swiss"]
[EventRounds "9"]
[EventCountry "ESP"]
[SourceTitle "CBM 176 Extra"]
[Source "ChessBase"]
[SourceDate "2017.03.02"]
[SourceVersion "1"]
[SourceVersionDate "2017.03.02"]
[SourceQuality "1"]

1. e4 e5 2. Nf3 Nc6 3. Bb5 a6 4. Ba4 d6 5. c3 Bd7 6. 0-0 Nge7 7. d4 Ng6 8. d5 Nb8 9. c4 Be7 10. Nc3 h6 11. Be3 0-0 12. b4 Bxa4 13. Nxa4 Nd7 14. Rc1 Nf6 15. Nd2 a5 16. a3 axb4 17. axb4 Qd7 18. Nc3 Ng4 19. Nb3 Bg5 20. Qe2 Nxe3 21. fxe3 0-1